Statistics for Countries that Border Italy

Click here to take the quiz!

General Stats

  • This quiz has been taken 52 times
  • The average score is 6 of 6

Answer Stats

Answer% Correct
France
100%
San Marino
100%
Vatican City
100%
Austria
98%
Switzerland
96%
Slovenia
94%

Score Distribution

Percentile by Number Answered

Percent of People with Each Score

Your Score History

You have not taken this quiz